Guess the Taylor Swift song through emojis - Statistics

General Stats
  • This quiz has been taken 104 times
  • The average score is 9 of 16
Answer Stats
Hint Answer % Correct
๐Ÿฉธ๐Ÿ‘Ž๐Ÿค• Bad blood
87%
๐Ÿ—ฝ๐Ÿš‰โœˆ๏ธ Welcome to New York
87%
๐Ÿš—๐Ÿ’ต๐Ÿ”‘ Getaway car
86%
๐Ÿ’๐Ÿ“ƒ๐Ÿ–ผ๏ธ Paper rings
82%
๐ŸŒจ๏ธ๐Ÿ–๏ธ๐Ÿ“ฝ๏ธ Snow on the beach
81%
๐ŸŽฒ๐Ÿ˜ˆ๐Ÿ˜‡ Cruel summer
80%
๐Ÿ’ง๐ŸŽธ๐ŸŽผ Teardrops on my guitar
74%
โ™Ÿ๏ธ๐Ÿง ๐ŸŒŸ Mastermind
65%
โ„๏ธ๐ŸŒน๐Ÿ“† Back to December
45%
๐ŸŽ„๐Ÿงฒ๐Ÿ’™ Lover
43%
๐Ÿฒ๐Ÿ†๐Ÿ‘‘ Long live
39%
๐Ÿ‘Ÿ๐Ÿ’—๐Ÿ‘• You belong with me
39%
๐Ÿธ๐Ÿโžก๏ธ Delicate
31%
๐Ÿ‘ป๐Ÿ๏ธ๐Ÿ‘ฎ ...Ready for it?
30%
๐Ÿ“ฌ๐Ÿ’Œ๐Ÿคฆโ€โ™€๏ธ Foolish one
25%
๐Ÿงฃ๐Ÿ‚๐Ÿ—๏ธ All to well
13%
No matching quizzes found
Score Distribution
Percent of People with Each Score
Percentile by Number Answered
Your Score History
You have not taken this quiz